000 00368nam a22001457a 4500
020 _a0871508575
040 _cNust
082 _a519.4
_bBUR'N
100 _aRichard L. Burdan
_9127301
245 _aNumerical analysis
250 _a3rd Edition
260 _aBoston:
_bPrindle , weber and schimdt,
_c1985.
650 _aNumerical analysis
_9103
942 _2ddc
_cBK
999 _c612465
_d612465